Plan reading for home builders, (Record no. 548920)
[ view plain ]
| 000 -LEADER | |
|---|---|
| fixed length control field | 00718cam a2200217 4500 |
| 020 ## - INTERNATIONAL STANDARD BOOK NUMBER | |
| International Standard Book Number | 0070152217 |
| 082 00 - DEWEY DECIMAL CLASSIFICATION NUMBER | |
| Classification number | 692.1 |
| Author Mark | DAL |
| -- | L-14, P-117 |
| 100 1# - MAIN ENTRY--PERSONAL NAME | |
| Personal name | Dalzell, J. Ralph |
| 9 (RLIN) | 45372 |
| 245 10 - TITLE STATEMENT | |
| Title | Plan reading for home builders, |
| Statement of responsibility, etc. | by J. Ralph Dalzell. |
| 250 ## - EDITION STATEMENT | |
| Edition statement | 2d ed., rev. |
| 260 ## - PUBLICATION, DISTRIBUTION, ETC. | |
| Place of publication, distribution, etc. | New York, |
| Name of publisher, distributor, etc. | McGraw-Hill |
| Date of publication, distribution, etc. | [c1972] |
| 300 ## - PHYSICAL DESCRIPTION | |
| Extent | xiii, 163 p. |
| Other physical details | illus. |
| Dimensions | 28 cm. |
| 500 ## - GENERAL NOTE | |
| General note | "An updating of Blueprint reading for home builders." |
| 526 ## - STUDY PROGRAM INFORMATION NOTE | |
| Program name | 0 |
| Interest level | 0 |
| Reading level | 0 |
| Title point value | 692_100000000000000_DAL |
| 650 #0 - SUBJECT ADDED ENTRY--TOPICAL TERM | |
| Topical term or geographic name entry element | Architectural drawing. |
| 9 (RLIN) | 25520 |
| 650 #0 - SUBJECT ADDED ENTRY--TOPICAL TERM | |
| Topical term or geographic name entry element | Architecture, Domestic |
| General subdivision | Designs and plans. |
| 9 (RLIN) | 45373 |
| 650 #0 - SUBJECT ADDED ENTRY--TOPICAL TERM | |
| Topical term or geographic name entry element | Blueprints. |
| 9 (RLIN) | 37725 |
| 650 #0 - SUBJECT ADDED ENTRY--TOPICAL TERM | |
| Topical term or geographic name entry element | MCE |
| 9 (RLIN) | 379 |
| 700 1# - ADDED ENTRY--PERSONAL NAME | |
| Personal name | Merritt, Frederick S., |
| 9 (RLIN) | 26167 |
| 942 ## - ADDED ENTRY ELEMENTS (KOHA) | |
| Source of classification or shelving scheme | |
| Koha item type | Book |
| Withdrawn status | Lost status | Source of classification or shelving scheme | Damaged status | Not for loan | Permanent Location | Current Location | Date acquired | Total Checkouts | Full call number | Barcode | Date last seen | Price effective from | Koha item type |
|---|---|---|---|---|---|---|---|---|---|---|---|---|---|
| Military College of Engineering (MCE) | Military College of Engineering (MCE) | 09/11/2014 | 692.1 DAL | MCE-6994 | 09/11/2014 | 09/11/2014 | Book |
